TV Shows on Planes Quiz Stats

 Plays Quiz Updated Feb 15, 2017

Support Sporcle.
Go Orange.
Score 0/20 Timer 08:00
1 Play Today
% Correct
The Simpsons
99.5%
Friends
94.9%
The Big Bang Theory
94.4%
Super Friends
93.9%
I Love Lucy
90.8%
Modern Family
89.2%
Seinfeld
88.8%
Full House
84.3%
Lassie
80.6%
Mad Men
80%
% Correct
Will & Grace
73.2%
Bewitched
72.4%
The Beverly Hillbillies
66.9%
Sanford and Son
63%
The Middle
50.7%
The Odd Couple
49.5%
Supernatural
48.4%
Designing Women
47.8%
The Bob Newhart Show
42.8%
Broad City
22.7%

You're not logged in!

Compare scores with friends on all Sporcle quizzes.
OR
Log In
Forgot?

From the Vault

'D' Countries by Area Minefield Blitz

by evanmurph

Since you're probably already wondering, this quiz is not adding Greenland's area into Denmark.
Remove Ads.
Support Sporcle.
Get the best of Sporcle when you Go Orange. This ad-free experience offers more features, more stats, and more fun while also helping to support Sporcle. Thank you for becoming a member.

Show Comments

Extras

Top Quizzes Today


Score Distribution

Your Account Isn't Verified!

In order to create a playlist on Sporcle, you need to verify the email address you used during registration. Go to your Sporcle Settings to finish the process.

Report this User

Report this user for behavior that violates our Community Guidelines.

Details: